000 00481nam a2200169Ia 4500
008 230917s9999||||xx |||||||||||||| ||und||
020 _cGBP51.99
040 _e256519
_aMAIN
041 _aEnglish
082 _a005.7 W672E
100 _aWilliams, Graham J
245 0 _aEssentials of data science: Knowledge discovery using R
260 _aBoca Raton
_bCRC Press
_c2017
300 _axix, 322 p.
500 _a3520 19/07/2019 APD19/1100263 20/08/2019 Main Budget
942 _cBK
999 _c31809
_d31809